000 00651nam a2200181 i 4500
001 166316
003 ES-MaACL
005 20250930063147.0
008 190923m19401941sp |||| | spa d
100 1 _aSolana, Marcial,
_d1880-1958
_9107070
245 1 0 _aHistoria de la filosofía española
_b: época del renacimiento, (siglo XVI) /
_cpor Marcial Solana.
260 _aMadrid :
_b[s.n.],
_c1940-1941.
300 _a3 v. ;
_c25 cm.
594 _aPrecede al tít.: Asociación Española para el Progreso de las Ciencias.
650 4 _aFilosofía-
_zEspaña-
_vHistoria.
_912844
852 _aES-MaACL
_jP-847-5-7
999 _c166316
_d166316